[Event "2024 National Elementary (K-6) Championship"]
[Site "Columbus, Ohio, United States"]
[Date "2024.04.27"]
[Round "3.8"]
[White "Datta, Riyaan"]
[Black "Karthi, Jashith"]
[Result "0-1"]
[TimeControl "G/90; d10"]
[WhiteFideId "30998670"]
[BlackFideId "30983029"]
[WhiteElo "1776"]
[BlackElo "2188"]

1. e4 {[%clk 01:30:00]} {[%emt 00:00:02]} e5 {[%clk 01:30:00]} {[%emt
00:00:02]} 2. Nf3 {[%clk 01:30:00]} {[%emt 00:00:11]} Nc6 {[%clk 01:30:00]}
{[%emt 00:00:02]} 3. Bb5 {[%clk 01:30:00]} {[%emt 00:00:11]} g6 {[%clk
01:29:59]} {[%emt 00:00:10]} 4. c3 {[%clk 01:30:00]} {[%emt 00:00:04]} Bg7
{[%clk 01:29:59]} {[%emt 00:00:05]} 5. O-O {[%clk 01:30:00]} {[%emt 00:00:05]}
Nge7 {[%clk 01:29:00]} {[%emt 00:01:10]} 6. d4 {[%clk 01:29:23]} {[%emt
00:00:47]} exd4 {[%clk 01:28:28]} {[%emt 00:00:40]} 7. cxd4 {[%clk 01:28:55]}
{[%emt 00:00:39]} a6 {[%clk 01:28:02]} {[%emt 00:00:37]} 8. Ba4 {[%clk
01:28:51]} {[%emt 00:00:13]} b5 {[%clk 01:27:29]} {[%emt 00:00:44]} 9. Bb3
{[%clk 01:28:51]} {[%emt 00:00:06]} Bb7 {[%clk 01:27:16]} {[%emt 00:00:22]} 10.
Re1 {[%clk 01:27:26]} {[%emt 00:01:36]} d6 {[%clk 01:27:08]} {[%emt 00:00:17]}
11. Nc3 {[%clk 01:25:56]} {[%emt 00:01:41]} O-O {[%clk 01:27:00]} {[%emt
00:00:18]} 12. a3 {[%clk 01:25:06]} {[%emt 00:01:00]} Na5 {[%clk 01:26:34]}
{[%emt 00:00:34]} 13. Bg5 {[%clk 01:22:08]} {[%emt 00:03:10]} h6 {[%clk
01:22:17]} {[%emt 00:04:27]} 14. Be3 {[%clk 01:15:45]} {[%emt 00:06:33]} Rc8
{[%clk 01:20:25]} {[%emt 00:02:00]} 15. Rc1 {[%clk 01:06:12]} {[%emt 00:09:45]}
c5 {[%clk 01:16:52]} {[%emt 00:03:42]} 16. dxc5 {[%clk 01:00:33]} {[%emt
00:05:50]} dxc5 {[%clk 01:14:39]} {[%emt 00:02:22]} 17. Ba2 {[%clk 00:59:34]}
{[%emt 00:01:10]} b4 {[%clk 00:53:29]} {[%emt 00:21:20]} 18. axb4 {[%clk
00:54:02]} {[%emt 00:05:41]} cxb4 {[%clk 00:52:26]} {[%emt 00:01:14]} 19. Qxd8
{[%clk 00:50:46]} {[%emt 00:03:25]} Rfxd8 {[%clk 00:51:13]} {[%emt 00:01:23]}
20. Na4 {[%clk 00:37:49]} {[%emt 00:13:08]} b3 {[%clk 00:44:14]} {[%emt
00:07:09]} 21. Bb1 {[%clk 00:36:29]} {[%emt 00:01:29]} Rc4 {[%clk 00:33:04]}
{[%emt 00:11:20]} 22. Nc3 {[%clk 00:32:04]} {[%emt 00:04:35]} Rdc8 {[%clk
00:29:33]} {[%emt 00:03:40]} 23. Bb6 {[%clk 00:26:37]} {[%emt 00:05:39]} Bxc3
{[%clk 00:27:00]} {[%emt 00:02:42]} 24. Rxc3 {[%clk 00:25:51]} {[%emt
00:00:56]} Rxc3 {[%clk 00:26:35]} {[%emt 00:00:35]} 25. bxc3 {[%clk 00:25:51]}
{[%emt 00:00:06]} Nc4 {[%clk 00:26:28]} {[%emt 00:00:15]} 26. Bd4 {[%clk
00:25:44]} {[%emt 00:00:20]} a5 {[%clk 00:26:07]} {[%emt 00:00:30]} 27. Bd3
{[%clk 00:25:41]} {[%emt 00:00:13]} a4 {[%clk 00:25:49]} {[%emt 00:00:29]} 28.
Bxc4 {[%clk 00:23:13]} {[%emt 00:02:38]} Rxc4 {[%clk 00:25:49]} {[%emt
00:00:05]} 29. Nd2 {[%clk 00:23:13]} {[%emt 00:00:07]} Rc8 {[%clk 00:23:51]}
{[%emt 00:02:08]} 30. c4 {[%clk 00:22:28]} {[%emt 00:00:56]} Rd8 {[%clk
00:22:09]} {[%emt 00:01:50]} 31. Bc3 {[%clk 00:22:23]} {[%emt 00:00:16]} Rd3
{[%clk 00:21:23]} {[%emt 00:00:56]} 32. Re3 {[%clk 00:22:03]} {[%emt 00:00:31]}
Rxd2 {[%clk 00:21:21]} {[%emt 00:00:11]} 33. Bxd2 {[%clk 00:21:59]} {[%emt
00:00:13]} b2 {[%clk 00:21:18]} {[%emt 00:00:15]} 34. Re1 {[%clk 00:21:40]}
{[%emt 00:00:28]} Bxe4 {[%clk 00:21:18]} {[%emt 00:00:06]} 35. Bxh6 {[%clk
00:20:19]} {[%emt 00:01:31]} a3 {[%clk 00:21:01]} {[%emt 00:00:27]} 0-1

[Event "2024 National Elementary (K-6) Championship"]
[Site "Columbus, Ohio, United States"]
[Date "2024.04.27"]
[Round "3.9"]
[White "Cornwell, Kobi"]
[Black "Wu, Lucas"]
[Result "0-1"]
[TimeControl "G/90; d10"]
[WhiteFideId "39947297"]
[WhiteElo "1259"]
[BlackElo "1365"]

1. d4 {[%clk 01:29:58]} {[%emt 00:00:17]} d5 {[%clk 01:29:59]} {[%emt
00:00:13]} 2. Nf3 {[%clk 01:29:57]} {[%emt 00:00:08]} Bf5 {[%clk 01:29:29]}
{[%emt 00:00:35]} 3. e3 {[%clk 01:29:27]} {[%emt 00:00:39]} Nf6 {[%clk
01:28:59]} {[%emt 00:00:41]} 4. Nbd2 {[%clk 01:28:54]} {[%emt 00:00:44]} Nc6
{[%clk 01:28:17]} {[%emt 00:00:51]} 5. Nh4 {[%clk 01:24:07]} {[%emt 00:04:57]}
Bg4 {[%clk 01:26:32]} {[%emt 00:01:55]} 6. f3 {[%clk 01:23:38]} {[%emt
00:00:39]} Bd7 {[%clk 01:25:40]} {[%emt 00:01:02]} 7. g4 {[%clk 01:16:54]}
{[%emt 00:06:53]} e6 {[%clk 01:24:43]} {[%emt 00:01:08]} 8. Ng2 {[%clk
01:15:07]} {[%emt 00:01:55]} Be7 {[%clk 01:21:30]} {[%emt 00:03:25]} 9. Bd3
{[%clk 01:11:41]} {[%emt 00:03:36]} Nb4 {[%clk 01:15:58]} {[%emt 00:05:42]} 10.
Be2 {[%clk 01:05:34]} {[%emt 00:06:16]} c5 {[%clk 01:14:45]} {[%emt 00:01:24]}
11. c3 {[%clk 01:05:12]} {[%emt 00:00:32]} Nc6 {[%clk 01:14:32]} {[%emt
00:00:24]} 12. h4 {[%clk 01:04:07]} {[%emt 00:01:14]} h6 {[%clk 01:12:49]}
{[%emt 00:01:53]} 13. b3 {[%clk 00:53:17]} {[%emt 00:11:00]} cxd4 {[%clk
01:11:53]} {[%emt 00:01:07]} 14. cxd4 {[%clk 00:51:44]} {[%emt 00:01:43]} Qc7
{[%clk 01:10:21]} {[%emt 00:01:41]} 15. Kf1 {[%clk 00:45:52]} {[%emt 00:06:02]}
O-O-O {[%clk 01:04:30]} {[%emt 00:06:02]} 16. Bb2 {[%clk 00:42:44]} {[%emt
00:03:18]} g5 {[%clk 01:03:23]} {[%emt 00:01:16]} 17. h5 {[%clk 00:40:53]}
{[%emt 00:02:01]} Nh7 {[%clk 01:01:11]} {[%emt 00:02:22]} 18. Bd3 {[%clk
00:36:47]} {[%emt 00:04:16]} f5 {[%clk 01:00:24]} {[%emt 00:00:58]} 19. gxf5
{[%clk 00:33:04]} {[%emt 00:03:52]} exf5 {[%clk 01:00:20]} {[%emt 00:00:14]} 20.
f4 {[%clk 00:31:46]} {[%emt 00:01:28]} Nf6 {[%clk 00:57:06]} {[%emt 00:03:24]}
21. Qc2 {[%clk 00:28:15]} {[%emt 00:03:40]} Ne4 {[%clk 00:52:19]} {[%emt
00:04:58]} 22. Nxe4 {[%clk 00:25:19]} {[%emt 00:03:06]} fxe4 {[%clk 00:52:07]}
{[%emt 00:00:23]} 23. Bb5 {[%clk 00:23:13]} {[%emt 00:02:16]} Nb4 {[%clk
00:48:27]} {[%emt 00:03:50]} 24. Qxc7+ {[%clk 00:20:30]} {[%emt 00:02:53]} Kxc7
{[%clk 00:48:25]} {[%emt 00:00:12]} 25. Bxd7 {[%clk 00:18:37]} {[%emt
00:02:03]} Kxd7 {[%clk 00:48:18]} {[%emt 00:00:16]} 26. Ba3 {[%clk 00:08:07]}
{[%emt 00:10:41]} Rc8 {[%clk 00:47:46]} {[%emt 00:00:41]} 27. Bxb4 {[%clk
00:07:39]} {[%emt 00:00:39]} Bxb4 {[%clk 00:47:39]} {[%emt 00:00:16]} 28. a3
{[%clk 00:07:26]} {[%emt 00:00:24]} Be7 {[%clk 00:47:18]} {[%emt 00:00:30]} 29.
b4 {[%clk 00:06:56]} {[%emt 00:00:40]} Rhf8 {[%clk 00:46:29]} {[%emt 00:00:59]}
30. Kf2 {[%clk 00:06:09]} {[%emt 00:00:57]} Bd6 {[%clk 00:44:02]} {[%emt
00:02:35]} 31. Kg3 {[%clk 00:05:06]} {[%emt 00:01:16]} gxf4+ {[%clk 00:42:47]}
{[%emt 00:01:24]} 32. Nxf4 {[%clk 00:04:21]} {[%emt 00:00:55]} Bxf4+ {[%clk
00:42:40]} {[%emt 00:00:16]} 33. exf4 {[%clk 00:04:21]} {[%emt 00:00:06]} Rc3+
{[%clk 00:41:52]} {[%emt 00:00:57]} 34. Kg4 {[%clk 00:04:08]} {[%emt 00:00:24]}
Rf3 {[%clk 00:41:38]} {[%emt 00:00:24]} 35. Rhf1 {[%clk 00:04:05]} {[%emt
00:00:13]} R8xf4# 0-1

[Event "2024 National Elementary (K-6) Championship"]
[Site "Columbus, Ohio, United States"]
[Date "2024.04.27"]
[Round "3.10"]
[White "He, Carlo"]
[Black "Singh, Jiyan"]
[Result "1-0"]
[TimeControl "G/90; d10"]
[BlackFideId "30964008"]
[WhiteElo "1364"]
[BlackElo "1238"]

1. e4 {[%clk 01:30:00]} {[%emt 00:00:01]} c5 {[%clk 01:30:00]} {[%emt
00:00:02]} 2. Nf3 {[%clk 01:30:00]} {[%emt 00:00:12]} d6 {[%clk 01:30:00]}
{[%emt 00:00:03]} 3. d4 {[%clk 01:29:59]} {[%emt 00:00:14]} cxd4 {[%clk
01:30:00]} 4. Nxd4 {[%clk 01:29:58]} {[%emt 00:00:09]} Nf6 {[%clk 01:30:00]}
{[%emt 00:00:01]} 5. Nc3 {[%clk 01:29:52]} {[%emt 00:00:11]} a6 {[%clk
01:30:00]} {[%emt 00:00:01]} 6. Bc4 {[%clk 01:29:40]} {[%emt 00:00:21]} e6
{[%clk 01:30:00]} {[%emt 00:00:02]} 7. Be3 {[%clk 01:29:30]} {[%emt 00:00:20]}
Be7 {[%clk 01:30:00]} {[%emt 00:00:09]} 8. f3 {[%clk 01:29:30]} {[%emt
00:00:10]} e5 {[%clk 01:28:34]} {[%emt 00:01:36]} 9. Nb3 {[%clk 01:29:10]}
{[%emt 00:00:30]} b5 {[%clk 01:28:31]} {[%emt 00:00:13]} 10. Bd5 {[%clk
01:29:10]} {[%emt 00:00:07]} Nxd5 {[%clk 01:17:47]} {[%emt 00:10:53]} 11. Qxd5
{[%clk 01:29:05]} {[%emt 00:00:16]} Nc6 {[%clk 01:05:06]} {[%emt 00:12:52]} 12.
Qxc6+ {[%clk 01:28:56]} {[%emt 00:00:18]} Bd7 {[%clk 01:05:06]} {[%emt
00:00:06]} 13. Qd5 {[%clk 01:28:34]} {[%emt 00:00:33]} Be6 {[%clk 01:04:49]}
{[%emt 00:00:26]} 14. Qd2 {[%clk 01:28:25]} {[%emt 00:00:18]} O-O {[%clk
01:03:28]} {[%emt 00:01:32]} 15. O-O-O {[%clk 01:27:02]} {[%emt 00:01:33]} b4
{[%clk 01:02:07]} {[%emt 00:01:32]} 16. Nd5 {[%clk 01:27:02]} {[%emt 00:00:09]}
a5 {[%clk 01:01:48]} {[%emt 00:00:28]} 17. Bb6 {[%clk 01:24:27]} {[%emt
00:02:45]} Qd7 {[%clk 01:00:40]} {[%emt 00:01:18]} 18. Bxa5 {[%clk 01:24:19]}
{[%emt 00:00:19]} Bd8 {[%clk 00:54:41]} {[%emt 00:06:09]} 19. Qxb4 {[%clk
01:20:47]} {[%emt 00:03:41]} Bxa5 {[%clk 00:50:30]} {[%emt 00:04:21]} 20. Nxa5
{[%clk 01:20:47]} {[%emt 00:00:08]} Rfb8 {[%clk 00:49:54]} {[%emt 00:00:46]} 21.
Qd2 {[%clk 01:19:15]} {[%emt 00:01:42]} Qa4 {[%clk 00:48:45]} {[%emt 00:01:17]}
22. Nb3 {[%clk 01:16:56]} {[%emt 00:02:31]} Qxa2 {[%clk 00:47:28]} {[%emt
00:01:27]} 23. Nc3 {[%clk 01:16:39]} {[%emt 00:00:27]} Qa7 {[%clk 00:44:47]}
{[%emt 00:02:49]} 24. Qxd6 {[%clk 01:16:29]} {[%emt 00:00:22]} Bxb3 {[%clk
00:43:28]} {[%emt 00:01:29]} 25. cxb3 {[%clk 01:16:29]} {[%emt 00:00:08]} Qb7
{[%clk 00:34:28]} {[%emt 00:09:08]} 26. Qd5 {[%clk 01:15:20]} {[%emt 00:01:19]}
Qb6 {[%clk 00:33:26]} {[%emt 00:01:13]} 27. Kc2 {[%clk 01:14:52]} {[%emt
00:00:39]} Rd8 {[%clk 00:32:16]} {[%emt 00:01:19]} 28. Qb5 {[%clk 01:13:44]}
{[%emt 00:01:18]} Qg6 {[%clk 00:23:37]} {[%emt 00:08:49]} 29. Rxd8+ {[%clk
01:13:25]} {[%emt 00:00:29]} Rxd8 {[%clk 00:23:37]} {[%emt 00:00:04]} 30. g3
{[%clk 01:12:24]} {[%emt 00:01:11]} Qh5 {[%clk 00:22:33]} {[%emt 00:01:14]} 31.
f4 {[%clk 01:11:04]} {[%emt 00:01:29]} Qh3 {[%clk 00:19:34]} {[%emt 00:03:09]}
32. Rd1 {[%clk 01:10:26]} {[%emt 00:00:48]} Qxh2+ {[%clk 00:18:11]} {[%emt
00:01:33]} 33. Qe2 {[%clk 01:09:49]} {[%emt 00:00:48]} Rxd1 {[%clk 00:17:26]}
{[%emt 00:00:54]} 34. Qxh2 {[%clk 01:09:27]} {[%emt 00:00:32]} Rd8 {[%clk
00:15:34]} {[%emt 00:02:03]} 35. b4 {[%clk 01:05:57]} {[%emt 00:03:39]} g6
{[%clk 00:15:16]} {[%emt 00:00:29]} 36. b5 {[%clk 01:04:56]} {[%emt 00:01:11]}
f5 {[%clk 00:14:39]} {[%emt 00:00:47]} 37. exf5 {[%clk 01:04:51]} {[%emt
00:00:15]} gxf5 {[%clk 00:14:39]} {[%emt 00:00:02]} 38. fxe5 {[%clk 01:04:49]}
{[%emt 00:00:13]} Re8 {[%clk 00:14:21]} {[%emt 00:00:27]} 39. Qe2 {[%clk
01:04:44]} {[%emt 00:00:13]} Kf7 {[%clk 00:14:15]} {[%emt 00:00:17]} 40. b6
{[%clk 01:04:41]} {[%emt 00:00:13]} Re7 {[%clk 00:14:03]} {[%emt 00:00:22]} 41.
Nd5 {[%clk 01:04:12]} {[%emt 00:00:40]} Rb7 {[%clk 00:14:03]} {[%emt 00:00:09]}
42. e6+ {[%clk 01:03:53]} {[%emt 00:00:29]} Ke8 {[%clk 00:14:03]} {[%emt
00:00:07]} 43. e7 {[%clk 01:03:46]} {[%emt 00:00:18]} f4 {[%clk 00:14:03]}
{[%emt 00:00:04]} 44. Qe6 {[%clk 01:03:15]} {[%emt 00:00:41]} f3 {[%clk
00:13:37]} {[%emt 00:00:36]} 45. Nc7+ {[%clk 01:02:37]} {[%emt 00:00:47]} Rxc7+
{[%clk 00:13:37]} {[%emt 00:00:04]} 46. bxc7 {[%clk 01:02:32]} {[%emt
00:00:16]} f2 {[%clk 00:13:37]} {[%emt 00:00:01]} 47. c8=N {[%emt 00:00:41]}
f1=Q {[%clk 00:13:22]} {[%emt 00:00:23]} 48. Nd6# {[%clk 01:02:02]} {[%emt
00:00:11]} 1-0

[Event "2024 National Elementary (K-6) Championship"]
[Site "Columbus, Ohio, United States"]
[Date "2024.04.27"]
[Round "3.11"]
[White "Sha, Rui"]
[Black "Radhakrishnan, Sharath"]
[Result "1/2-1/2"]
[TimeControl "G/90; d10"]
[WhiteFideId "39915042"]
[BlackFideId "39900452"]
[WhiteElo "1767"]
[BlackElo "2205"]

1. d4 {[%clk 01:30:00]} {[%emt 00:00:08]} Nf6 {[%clk 01:30:00]} {[%emt
00:00:11]} 2. c4 {[%clk 01:29:51]} {[%emt 00:00:18]} e6 {[%clk 01:30:00]}
{[%emt 00:00:02]} 3. Nc3 {[%clk 01:29:43]} {[%emt 00:00:14]} Bb4 {[%clk
01:29:59]} {[%emt 00:00:12]} 4. e3 {[%clk 01:29:34]} {[%emt 00:00:19]} O-O
{[%clk 01:29:57]} {[%emt 00:00:12]} 5. Bd3 {[%clk 01:28:57]} {[%emt 00:00:47]}
d5 {[%clk 01:29:32]} {[%emt 00:00:34]} 6. a3 {[%clk 01:26:06]} {[%emt
00:03:02]} Bxc3+ {[%clk 01:27:56]} {[%emt 00:01:46]} 7. bxc3 {[%clk 01:25:25]}
{[%emt 00:00:50]} b6 {[%clk 01:27:52]} {[%emt 00:00:15]} 8. Ne2 {[%clk
01:23:21]} {[%emt 00:02:13]} Bb7 {[%clk 01:27:47]} {[%emt 00:00:16]} 9. O-O
{[%clk 01:21:33]} {[%emt 00:01:57]} Nbd7 {[%clk 01:24:12]} {[%emt 00:03:45]} 10.
f3 {[%clk 01:19:16]} {[%emt 00:02:26]} c5 {[%clk 01:20:41]} {[%emt 00:03:43]}
11. Ng3 {[%clk 01:16:00]} {[%emt 00:03:24]} e5 {[%clk 01:12:41]} {[%emt
00:08:12]} 12. cxd5 {[%clk 01:13:20]} {[%emt 00:02:50]} Nxd5 {[%clk 01:04:17]}
{[%emt 00:08:35]} 13. c4 {[%clk 01:07:18]} {[%emt 00:06:11]} Nc7 {[%clk
01:01:42]} {[%emt 00:02:45]} 14. d5 {[%clk 01:06:26]} {[%emt 00:01:01]} b5
{[%clk 01:01:19]} {[%emt 00:00:35]} 15. d6 {[%clk 01:00:44]} {[%emt 00:05:51]}
Ne8 {[%clk 00:53:57]} {[%emt 00:07:32]} 16. cxb5 {[%clk 00:58:49]} {[%emt
00:02:05]} Ndf6 {[%clk 00:44:42]} {[%emt 00:09:25]} 17. Bb2 {[%clk 00:51:57]}
{[%emt 00:07:02]} Qxd6 {[%clk 00:44:30]} {[%emt 00:00:23]} 18. Qe2 {[%clk
00:51:02]} {[%emt 00:01:03]} Nc7 {[%clk 00:38:56]} {[%emt 00:05:45]} 19. Rfd1
{[%clk 00:49:15]} {[%emt 00:01:56]} Qe7 {[%clk 00:35:45]} {[%emt 00:03:20]} 20.
Nf5 {[%clk 00:47:05]} {[%emt 00:02:20]} Qe6 {[%clk 00:35:45]} {[%emt 00:00:10]}
21. e4 {[%clk 00:45:14]} {[%emt 00:02:03]} Rfe8 {[%clk 00:21:52]} {[%emt
00:14:03]} 22. Bc4 {[%clk 00:44:38]} {[%emt 00:00:46]} Bd5 {[%clk 00:20:23]}
1/2-1/2

[Event "2024 National Elementary (K-6) Championship"]
[Site "Columbus, Ohio, United States"]
[Date "2024.04.27"]
[Round "3.12"]
[White "Wang, Ted"]
[Black "Dubey, Shiv"]
[Result "1-0"]
[TimeControl "G/90; d10"]
[WhiteFideId "30990459"]
[BlackFideId "39910105"]
[WhiteElo "2130"]
[BlackElo "1764"]

1. e4 {[%clk 01:30:00]} {[%emt 00:00:04]} e5 {[%clk 01:30:00]} {[%emt
00:00:04]} 2. Nf3 {[%clk 01:30:00]} {[%emt 00:00:09]} Nc6 {[%clk 01:30:00]}
{[%emt 00:00:06]} 3. Bc4 {[%clk 01:30:00]} {[%emt 00:00:05]} Bc5 {[%clk
01:30:00]} {[%emt 00:00:06]} 4. c3 {[%clk 01:30:00]} {[%emt 00:00:02]} Nf6
{[%clk 01:30:00]} {[%emt 00:00:03]} 5. d3 {[%clk 01:30:00]} {[%emt 00:00:03]}
d6 {[%clk 01:30:00]} {[%emt 00:00:05]} 6. O-O {[%clk 01:30:00]} {[%emt
00:00:03]} h6 {[%clk 01:29:59]} {[%emt 00:00:11]} 7. a4 {[%clk 01:29:50]}
{[%emt 00:00:21]} a5 {[%clk 01:29:59]} {[%emt 00:00:05]} 8. Nbd2 {[%clk
01:29:42]} {[%emt 00:00:17]} O-O {[%clk 01:29:57]} {[%emt 00:00:13]} 9. h3
{[%emt 00:00:11]} Be6 {[%clk 01:29:55]} {[%emt 00:00:10]} 10. Bxe6 {[%clk
01:29:32]} {[%emt 00:00:20]} fxe6 {[%clk 01:29:55]} {[%emt 00:00:08]} 11. Re1
{[%clk 01:29:32]} {[%emt 00:00:04]} Re8 {[%clk 01:29:45]} {[%emt 00:00:20]} 12.
Nf1 {[%clk 01:29:30]} {[%emt 00:00:13]} Qd7 {[%clk 01:28:45]} {[%emt 00:01:10]}
13. Be3 {[%clk 01:28:51]} {[%emt 00:00:48]} Bxe3 {[%clk 01:27:00]} {[%emt
00:01:56]} 14. Rxe3 {[%clk 01:28:51]} {[%emt 00:00:06]} d5 {[%clk 01:26:40]}
{[%emt 00:00:29]} 15. Qc2 {[%clk 01:27:35]} {[%emt 00:01:27]} d4 {[%clk
01:20:53]} {[%emt 00:05:57]} 16. Ree1 {[%clk 01:27:22]} {[%emt 00:00:22]} Rad8
{[%clk 01:19:53]} {[%emt 00:01:11]} 17. Rad1 {[%clk 01:27:02]} {[%emt
00:00:29]} b6 {[%clk 01:12:37]} {[%emt 00:07:27]} 18. Rd2 {[%clk 01:25:08]}
{[%emt 00:02:04]} Nh5 {[%clk 01:06:26]} {[%emt 00:06:19]} 19. g3 {[%clk
01:23:08]} {[%emt 00:02:12]} Nf6 {[%clk 00:59:51]} {[%emt 00:06:44]} 20. Rc1
{[%clk 01:22:07]} {[%emt 00:01:12]} Rc8 {[%clk 00:54:30]} {[%emt 00:05:31]} 21.
Kg2 {[%clk 01:21:03]} {[%emt 00:01:14]} Rf8 {[%clk 00:52:54]} {[%emt 00:01:46]}
22. N1h2 {[%clk 01:18:50]} {[%emt 00:02:22]} Qd6 {[%clk 00:48:19]} {[%emt
00:04:46]} 23. Re2 {[%clk 01:16:39]} {[%emt 00:02:21]} Nd7 {[%clk 00:47:37]}
{[%emt 00:00:51]} 24. Ng4 {[%clk 01:11:53]} {[%emt 00:04:56]} Kh8 {[%clk
00:45:13]} {[%emt 00:03:03]} 25. Rb1 {[%clk 01:09:02]} {[%emt 00:03:00]} Rcd8
{[%clk 00:38:51]} {[%emt 00:06:33]} 26. Rd2 {[%clk 01:07:57]} {[%emt 00:01:15]}
Rf7 {[%clk 00:33:37]} {[%emt 00:05:25]} 27. Ngh2 {[%clk 01:06:22]} {[%emt
00:01:43]} Rdf8 {[%clk 00:31:24]} {[%emt 00:02:24]} 28. Qd1 {[%clk 01:04:50]}
{[%emt 00:01:42]} Ne7 {[%clk 00:29:55]} {[%emt 00:01:39]} 29. h4 {[%clk
01:03:45]} {[%emt 00:01:14]} c5 {[%clk 00:29:55]} {[%emt 00:00:12]} 30. Qb3
{[%clk 01:00:53]} {[%emt 00:03:01]} Nc6 {[%clk 00:29:07]} {[%emt 00:00:58]} 31.
Rf1 {[%clk 00:59:14]} {[%emt 00:01:49]} Qc7 {[%clk 00:27:35]} {[%emt 00:01:43]}
32. Qxe6 {[%clk 00:58:46]} {[%emt 00:00:37]} Re7 {[%clk 00:26:20]} {[%emt
00:01:25]} 33. Qb3 {[%clk 00:58:30]} {[%emt 00:00:26]} Ref7 {[%clk 00:25:55]}
{[%emt 00:00:36]} 34. Qd1 {[%clk 00:57:32]} {[%emt 00:01:07]} Qd8 {[%clk
00:25:01]} {[%emt 00:01:05]} 35. h5 {[%clk 00:56:44]} {[%emt 00:00:57]} Qf6
{[%clk 00:22:06]} {[%emt 00:03:05]} 36. Nh4 {[%clk 00:55:44]} {[%emt 00:01:09]}
Ne7 {[%clk 00:21:56]} {[%emt 00:00:21]} 37. Qg4 {[%clk 00:55:32]} {[%emt
00:00:22]} Nb8 {[%emt 00:01:07]} 38. f4 {[%clk 00:54:17]} {[%emt 00:01:23]}
exf4 {[%clk 00:20:34]} {[%emt 00:00:37]} 39. Rxf4 {[%clk 00:52:56]} {[%emt
00:01:30]} Qd6 {[%clk 00:19:41]} {[%emt 00:01:03]} 40. Rxf7 {[%clk 00:52:27]}
{[%emt 00:00:39]} Rxf7 {[%clk 00:19:41]} {[%emt 00:00:08]} 41. cxd4 {[%clk
00:52:06]} {[%emt 00:00:33]} Qxd4 {[%clk 00:18:26]} {[%emt 00:01:25]} 42. N2f3
{[%clk 00:51:42]} {[%emt 00:00:33]} Qxa4 {[%clk 00:17:57]} {[%emt 00:00:39]} 43.
Qe6 {[%clk 00:51:36]} {[%emt 00:00:16]} Qe8 {[%clk 00:16:59]} {[%emt 00:01:08]}
44. Ne5 {[%clk 00:51:19]} {[%emt 00:00:27]} Rf6 {[%clk 00:16:01]} {[%emt
00:01:08]} 45. Nhg6+ {[%clk 00:50:21]} {[%emt 00:01:08]} Kh7 {[%clk 00:15:14]}
{[%emt 00:00:57]} 46. Qxe7 {[%clk 00:50:21]} {[%emt 00:00:08]} Qxe7 {[%clk
00:14:37]} {[%emt 00:00:47]} 47. Nxe7 {[%clk 00:50:21]} {[%emt 00:00:07]} Re6
{[%clk 00:14:37]} {[%emt 00:00:05]} 48. N5g6 {[%clk 00:50:12]} {[%emt
00:00:20]} Nc6 {[%clk 00:14:04]} {[%emt 00:00:43]} 49. Nf8+ {[%clk 00:50:12]}
{[%emt 00:00:07]} Kh8 {[%clk 00:14:04]} {[%emt 00:00:09]} 50. Neg6+ {[%clk
00:50:12]} {[%emt 00:00:05]} Kg8 {[%clk 00:14:04]} {[%emt 00:00:05]} 51. Nxe6
{[%clk 00:50:12]} {[%emt 00:00:08]} Kf7 {[%clk 00:14:04]} {[%emt 00:00:09]} 52.
Nef4 {[%clk 00:50:12]} {[%emt 00:00:04]} b5 {[%clk 00:14:04]} {[%emt 00:00:08]}
53. Rc2 {[%clk 00:50:12]} {[%emt 00:00:03]} c4 {[%clk 00:14:04]} {[%emt
00:00:09]} 54. dxc4 {[%clk 00:50:12]} {[%emt 00:00:06]} bxc4 {[%clk 00:14:03]}
{[%emt 00:00:11]} 55. Rxc4 {[%clk 00:50:12]} {[%emt 00:00:04]} Nd8 {[%clk
00:13:48]} {[%emt 00:00:24]} 56. Rc7+ {[%clk 00:50:12]} {[%emt 00:00:06]} Kf6
{[%clk 00:13:38]} {[%emt 00:00:19]} 57. e5+ {[%clk 00:50:12]} {[%emt 00:00:06]}
Kf5 {[%clk 00:13:38]} {[%emt 00:00:05]} 58. Kf3 {[%clk 00:50:12]} {[%emt
00:00:06]} a4 {[%clk 00:13:37]} {[%emt 00:00:11]} 59. g4+ {[%clk 00:50:12]}
{[%emt 00:00:03]} Kg5 {[%clk 00:13:37]} {[%emt 00:00:08]} 60. Nh3# {[%clk
00:50:12]} {[%emt 00:00:04]} 1-0